[Event "Open Brno 2014"]
[Site "Brno CZE"]
[Date "2014.11.19"]
[Round "5.6"]
[White "Vesely, Jaromir"]
[Black "Ivanov, Mikhail M"]
[Result "0-1"]
[WhiteElo "2008"]
[BlackElo "2380"]
[PlyCount "74"]
[EventDate "2014.11.15"]
[EventType "swiss"]
[EventRounds "9"]
[EventCountry "CZE"]
[Source "lmi"]
[SourceDate "2014.11.15"]

1. d4 Nf6 2. c4 c5 3. e3 g6 4. Nc3 Bg7 5. Nf3 O-O 6. Be2 cxd4 7. Nxd4 d5 8.
cxd5 Nxd5 9. Nxd5 Qxd5 10. O-O Rd8 11. Nb5 Qxd1 12. Rxd1 Rxd1+ 13. Bxd1 Nc6 14.
e4 Be6 15. Be2 Rd8 16. Be3 Bxb2 17. Rb1 Bd4 18. Nxd4 Nxd4 19. Bf1 b6 20. a4 Nb3
21. Bb5 Na5 22. f4 f6 23. Rc1 Rc8 24. Rd1 Kf7 25. Kf2 Rc2+ 26. Kf3 Bc4 27. Rd7
Bxb5 28. axb5 Nc4 29. Bg1 Rc3+ 30. Ke2 Ra3 31. Rd5 Ra2+ 32. Kf3 Rd2 33. Bd4 e6
34. Rd7+ Ke8 35. Rxa7 Rxd4 36. Rxh7 e5 37. g3 f5 0-1

[Event "Open Brno 2014"]
[Site "Brno CZE"]
[Date "2014.11.19"]
[Round "5.7"]
[White "Semenova, Elena"]
[Black "Popper, Tomas"]
[Result "1-0"]
[WhiteElo "2227"]
[BlackElo "1961"]
[PlyCount "81"]
[EventDate "2014.11.15"]
[EventType "swiss"]
[EventRounds "9"]
[EventCountry "CZE"]
[Source "lmi"]
[SourceDate "2014.11.15"]

1. e4 e5 2. Nf3 d6 3. d4 exd4 4. Nxd4 Nf6 5. Nc3 c6 6. Bf4 Be7 7. Qd2 O-O 8.
O-O-O b5 9. f3 Qb6 10. g4 Rd8 11. Kb1 a5 12. g5 Ne8 13. Be3 Qc7 14. Nf5 Bxf5
15. exf5 d5 16. f6 Bb4 17. Bf4 Qb7 18. a3 Bxc3 19. Qxc3 b4 20. Qb3 Nd7 21. Be3
Nc7 22. Bh3 Na6 23. Bxd7 Rxd7 24. a4 Rad8 25. Rhe1 Nc7 26. Bc1 Ne6 27. Qe3 d4
28. Qd3 Nc5 29. Qc4 Nxa4 30. Rxd4 Nb6 31. Rxd7 Qxd7 32. Qb3 Nd5 33. Re4 Re8 34.
h4 Re6 35. fxg7 Kxg7 36. h5 Qe8 37. Qd3 Qe7 38. h6+ Kg8 39. Qa6 f6 40. Qc8+ Kf7
41. g6+ 1-0

[Event "Open Brno 2014"]
[Site "Brno CZE"]
[Date "2014.11.19"]
[Round "5.8"]
[White "Kratochvil, Karel"]
[Black "Bartos, Jan"]
[Result "1/2-1/2"]
[WhiteElo "2148"]
[BlackElo "2194"]
[PlyCount "25"]
[EventDate "2014.11.15"]
[EventType "swiss"]
[EventRounds "9"]
[EventCountry "CZE"]
[Source "lmi"]
[SourceDate "2014.11.15"]

1. d4 d5 2. c4 c6 3. Nc3 Nf6 4. Nf3 dxc4 5. a4 Bf5 6. Ne5 Nbd7 7. Nxc4 Qc7 8.
g3 e5 9. dxe5 Nxe5 10. Bf4 Nfd7 11. Bg2 g5 12. Nxe5 gxf4 13. Nxd7 1/2-1/2

[Event "Open Brno 2014"]
[Site "Brno CZE"]
[Date "2014.11.19"]
[Round "5.9"]
[White "Kopecek, Ivan"]
[Black "Cherednichenko, Elena"]
[Result "0-1"]
[WhiteElo "1938"]
[BlackElo "2174"]
[PlyCount "84"]
[EventDate "2014.11.15"]
[EventType "swiss"]
[EventRounds "9"]
[EventCountry "CZE"]
[Source "lmi"]
[SourceDate "2014.11.15"]

1. d4 d5 2. Nc3 Nf6 3. Bf4 Bf5 4. e3 e6 5. Bd3 Bxd3 6. Qxd3 c6 7. Nf3 Nh5 8.
Bg5 Be7 9. Bxe7 Qxe7 10. Ne2 Nd7 11. e4 dxe4 12. Qxe4 Qb4+ 13. c3 Qxb2 14. O-O
Nhf6 15. Qd3 Qb6 16. a4 O-O 17. a5 Qc7 18. h3 Rfd8 19. Qc4 Ne4 20. Ng3 Nxg3 21.
fxg3 Qxg3 22. Qb4 Rab8 23. Qe7 b6 24. a6 h6 25. Ne5 Nxe5 26. dxe5 Rd2 27. Qxf7+
Kh7 28. Qf3 Qxf3 29. Rxf3 Kg6 30. Rf2 Rbd8 31. Ra2 Rxa2 32. Rxa2 Rd5 33. Kf2
Rxe5 34. c4 Kf7 35. Kf3 Ke7 36. Kf4 Rc5 37. Ra4 Ra5 38. Rb4 Rxa6 39. c5 b5 40.
Ke5 Ra2 41. Rg4 g5 42. h4 Rc2 0-1

[Event "Open Brno 2014"]
[Site "Brno CZE"]
[Date "2014.11.19"]
[Round "5.10"]
[White "Simkin, Alexander"]
[Black "Tsenov, Tsvetoslav"]
[Result "0-1"]
[WhiteElo "1890"]
[BlackElo "2150"]
[PlyCount "94"]
[EventDate "2014.11.15"]
[EventType "swiss"]
[EventRounds "9"]
[EventCountry "CZE"]
[Source "lmi"]
[SourceDate "2014.11.15"]

1. d4 Nf6 2. c4 e6 3. Nc3 d5 4. cxd5 exd5 5. Bg5 Be7 6. Nf3 O-O 7. e3 Be6 8.
Bd3 Nbd7 9. Rc1 c5 10. O-O Rc8 11. dxc5 Nxc5 12. Bb1 Re8 13. Nd4 Qd7 14. Nxe6
fxe6 15. Qe2 Bf8 16. Rfd1 Qf7 17. Qf3 a5 18. Qh3 g6 19. Qf3 Bg7 20. Nb5 Nfe4
21. Qxf7+ Kxf7 22. Bxe4 Nxe4 23. Rxc8 Rxc8 24. f3 Rc5 25. fxe4 Rxb5 26. b3 Rc5
27. exd5 exd5 28. Rd2 Ke6 29. Bf4 Kf5 30. Bd6 Rc1+ 31. Kf2 Ke4 32. Ba3 Rb1 33.
Rc2 Ra1 34. Ke2 Be5 35. h3 Rg1 36. Kf2 Ra1 37. Ke2 h5 38. Bc1 b5 39. Bd2 b4 40.
Be1 g5 41. Bd2 g4 42. hxg4 hxg4 43. Bc1 g3 44. Kd2 Bc3+ 45. Ke2 Rb1 46. Kd1 Kd3
47. Re2 Rxc1+ 0-1

[Event "Open Brno 2014"]
[Site "Brno CZE"]
[Date "2014.11.19"]
[Round "5.11"]
[White "Vucko, Maja"]
[Black "Snorek, Milan"]
[Result "0-1"]
[WhiteElo "1923"]
[BlackElo "2105"]
[PlyCount "116"]
[EventDate "2014.11.15"]
[EventType "swiss"]
[EventRounds "9"]
[EventCountry "CZE"]
[Source "lmi"]
[SourceDate "2014.11.15"]

1. e4 c5 2. Nf3 e6 3. d4 cxd4 4. Nxd4 a6 5. Nc3 Qc7 6. Bd3 Nf6 7. O-O Bc5 8.
Nb3 Be7 9. Re1 d6 10. Bf4 Nbd7 11. a3 b6 12. Qe2 Ne5 13. h3 Bb7 14. Rad1 Ng6
15. Bg3 Nd7 16. Na2 Bf6 17. c3 Nge5 18. Nac1 O-O 19. Nd4 Nxd3 20. Nxd3 Rfd8 21.
Nf3 e5 22. Nb4 Be7 23. Nd5 Bxd5 24. exd5 Bf8 25. Bh4 Rdc8 26. Ng5 h6 27. Ne4 f5
28. Nd2 Nc5 29. Qh5 Qf7 30. Qxf7+ Kxf7 31. Nc4 Rab8 32. Nxe5+ dxe5 33. Rxe5 g5
34. Bg3 f4 35. Bh2 Bg7 36. Re2 Re8 37. Red2 Ne4 38. Rd3 Nd6 39. g3 fxg3 40.
fxg3 Kg6 41. R1d2 h5 42. Kg2 Nc4 43. Rf2 Ne3+ 44. Kg1 g4 45. h4 Rbd8 46. d6 Nc4
47. d7 Re1+ 48. Rf1 Rxf1+ 49. Kxf1 Kf7 50. b3 Ne5 51. Rd6 Rxd7 52. Rxb6 Nf3 53.
Bg1 Rd1+ 54. Ke2 Rxg1 55. Rxa6 Bxc3 56. b4 Rxg3 57. Ra7+ Ke6 58. Rc7 Nd4+ 0-1

[Event "Open Brno 2014"]
[Site "Brno CZE"]
[Date "2014.11.19"]
[Round "5.12"]
[White "Grove, Michael"]
[Black "Gurtovoi, Borys"]
[Result "1-0"]
[WhiteElo "2083"]
[BlackElo "1919"]
[PlyCount "63"]
[EventDate "2014.11.15"]
[EventType "swiss"]
[EventRounds "9"]
[EventCountry "CZE"]
[Source "lmi"]
[SourceDate "2014.11.15"]

1. e4 c6 2. Ne2 d5 3. e5 Bg4 4. f3 Bd7 5. d4 e6 6. c3 c5 7. Be3 Qb6 8. Qb3 c4
9. Qc2 Ne7 10. Nd2 Nf5 11. Bf2 Qa5 12. g4 Ne7 13. Ng3 b5 14. Bg2 Ng6 15. h4 b4
16. Nh5 Na6 17. O-O Qd8 18. f4 Rb8 19. Nf3 Be7 20. f5 Nxh4 21. Nxh4 Bxh4 22.
fxe6 Bxe6 23. Nxg7+ Kd7 24. Qa4+ Kc7 25. Qxa6 Rb6 26. Qxa7+ Rb7 27. Bxh4 Rxa7
28. Bxd8+ Rxd8 29. Nxe6+ fxe6 30. Rf7+ Rd7 31. Rxd7+ Kxd7 32. cxb4 1-0

[Event "Open Brno 2014"]
[Site "Brno CZE"]
[Date "2014.11.19"]
[Round "5.13"]
[White "Doskar, Miloslav"]
[Black "Dirgas, Josef"]
[Result "0-1"]
[WhiteElo "1725"]
[BlackElo "2078"]
[PlyCount "102"]
[EventDate "2014.11.15"]
[EventType "swiss"]
[EventRounds "9"]
[EventCountry "CZE"]
[Source "lmi"]
[SourceDate "2014.11.15"]

1. d4 d5 2. c4 e6 3. Nf3 Nf6 4. e3 Be7 5. Nc3 O-O 6. Bd3 Nbd7 7. O-O b6 8. Qc2
Bb7 9. e4 dxe4 10. Nxe4 Nxe4 11. Bxe4 Bxe4 12. Qxe4 Nf6 13. Qc6 Qd6 14. Qxd6
cxd6 15. Bg5 h6 16. Be3 d5 17. Rac1 dxc4 18. Rxc4 Rfc8 19. Rfc1 Rxc4 20. Rxc4
Nd5 21. a3 f6 22. Kf1 a5 23. Ke2 Kf7 24. h3 Ke8 25. Nd2 Kd7 26. a4 b5 27. axb5
Rb8 28. Ra4 Rxb5 29. Nc4 Rb4 30. Rxb4 Bxb4 31. Kd3 Kc6 32. b3 Kb5 33. g3 Be1
34. Na3+ Kc6 35. g4 Bb4 36. Nc4 Bc3 37. Na3 Bb4 38. Nc4 Kb5 39. h4 Bc3 40. Bd2
Bxd2 41. Nxd2 Kb4 42. Kc2 Nf4 43. f3 h5 44. gxh5 Nxh5 45. Ne4 Nf4 46. Nc5 e5
47. dxe5 Kxc5 48. exf6 gxf6 49. Kc3 f5 50. Kd2 Kb4 51. Ke3 Ng2+ 0-1

[Event "Open Brno 2014"]
[Site "Brno CZE"]
[Date "2014.11.19"]
[Round "5.14"]
[White "Spodny, Josef"]
[Black "Sernecki, Franciszek"]
[Result "1/2-1/2"]
[WhiteElo "1981"]
[BlackElo "1903"]
[PlyCount "144"]
[EventDate "2014.11.15"]
[EventType "swiss"]
[EventRounds "9"]
[EventCountry "CZE"]
[Source "lmi"]
[SourceDate "2014.11.15"]

1. d4 d5 2. Nf3 e6 3. Bg5 Be7 4. Bxe7 Qxe7 5. Nbd2 Nf6 6. e3 O-O 7. Bd3 c5 8.
O-O Nc6 9. Bb5 Bd7 10. a4 a6 11. Bxc6 bxc6 12. Nb3 Ne4 13. Nfd2 Nxd2 14. Qxd2
cxd4 15. exd4 Rfb8 16. f4 Qb4 17. Rf2 Be8 18. Ra3 Qxd2 19. Rxd2 Rb7 20. Kf2
Rab8 21. Nc5 Rxb2 22. Nxa6 Ra8 23. Nc5 Ra7 24. Rb3 Rxb3 25. cxb3 Kf8 26. Rb2
Ra8 27. Ke3 Ke7 28. Kd3 Kd6 29. Kc3 Bd7 30. Re2 Rg8 31. Rf2 f6 32. g3 h5 33. b4
Ra8 34. Rb2 Rb8 35. Rg2 f5 36. h4 Rh8 37. Re2 Rb8 38. Ra2 Ra8 39. Nd3 Ra7 40.
Ne5 Ra8 41. Nd3 Ra7 42. Nc5 Ra8 43. Rb2 Rb8 44. Rb3 Ke7 45. Rb1 Kd6 46. Re1 Ke7
47. Nb3 Ra8 48. Ra1 Kd6 49. Nd2 Ra7 50. Nb1 Ke7 51. Kb3 Ra8 52. Nc3 Kd6 53. Re1
Rb8 54. Rc1 Rb7 55. Nd1 Rb8 56. Nf2 Ra8 57. Nd3 Rb8 58. Ne5 Ra8 59. Nxd7 Kxd7
60. Rc5 Ra7 61. Ra5 Rb7 62. Ra8 Ke7 63. Rg8 Kd6 64. Rh8 Ke7 65. Rxh5 Rb8 66.
Rh7 Kf7 67. Rh5 Kf6 68. Rg5 Rh8 69. b5 Rb8 70. Kb4 cxb5 71. axb5 Rc8 72. b6 Rc6
1/2-1/2

[Event "Open Brno 2014"]
[Site "Brno CZE"]
[Date "2014.11.19"]
[Round "5.15"]
[White "Davis, Lee"]
[Black "Veznik, Michael"]
[Result "1-0"]
[WhiteElo "1971"]
[BlackElo "1839"]
[PlyCount "75"]
[EventDate "2014.11.15"]
[EventType "swiss"]
[EventRounds "9"]
[EventCountry "CZE"]
[Source "lmi"]
[SourceDate "2014.11.15"]

1. Nf3 g6 2. d4 Bg7 3. g3 Nf6 4. Bg2 d6 5. O-O O-O 6. c4 Nbd7 7. Nc3 e5 8. e4
c6 9. h3 Re8 10. d5 Nc5 11. Qc2 a5 12. Be3 h6 13. Rfd1 cxd5 14. cxd5 Bd7 15.
Bxc5 dxc5 16. a4 Qb8 17. Bf1 Rc8 18. Nd2 Ne8 19. Nc4 Nd6 20. Nb6 Qc7 21. Nxa8
Rxa8 22. Kh2 f5 23. Nb5 Bxb5 24. axb5 Nxe4 25. b4 b6 26. bxa5 bxa5 27. d6 Nxd6
28. Qd2 Rd8 29. Qxa5 Qb8 30. Rac1 Re8 31. b6 Nb7 32. Qa2+ Kh7 33. Rd7 Nd6 34.
Qa7 Qxa7 35. bxa7 Kh8 36. Rxc5 Ra8 37. Rcc7 Bf6 38. Bc4 1-0

[Event "Open Brno 2014"]
[Site "Brno CZE"]
[Date "2014.11.19"]
[Round "5.16"]
[White "Zemlicka, Vit"]
[Black "Gentsch, Peter"]
[Result "1/2-1/2"]
[WhiteElo "1899"]
[BlackElo "1956"]
[PlyCount "97"]
[EventDate "2014.11.15"]
[EventType "swiss"]
[EventRounds "9"]
[EventCountry "CZE"]
[Source "lmi"]
[SourceDate "2014.11.15"]

1. e4 c5 2. Nf3 d6 3. d4 cxd4 4. Nxd4 Nf6 5. Nc3 Nc6 6. Bg5 e6 7. Qd2 a6 8.
O-O-O Bd7 9. f3 Be7 10. h4 Qc7 11. Kb1 h6 12. Be3 Nxd4 13. Bxd4 Bc6 14. Bd3 b5
15. g4 e5 16. Be3 O-O-O 17. g5 hxg5 18. hxg5 Nd7 19. Qf2 Kb7 20. Nd5 Bxd5 21.
exd5 Nb6 22. Be4 Rdf8 23. f4 f5 24. Rxh8 Rxh8 25. Bxf5 Rf8 26. fxe5 Nc4 27.
exd6 Bxd6 28. Bd4 g6 29. Bf6 gxf5 30. Rh1 Be5 31. Qxf5 Bxf6 32. gxf6 Rf7 33. b3
Qe5 34. Qxe5 Nxe5 35. Re1 Ng6 36. Re6 Rd7 37. c4 bxc4 38. bxc4 Rc7 39. d6 Rxc4
40. f7 Nf8 41. Re7+ Kc6 42. Re8 Kxd6 43. Rxf8 Ke7 44. Ra8 Kxf7 45. Rxa6 Ke7 46.
Kb2 Kd7 47. Kb3 Rh4 48. a4 Kc7 49. Rg6 1/2-1/2

[Event "Open Brno 2014"]
[Site "Brno CZE"]
[Date "2014.11.19"]
[Round "5.17"]
[White "Stanek, Stanislav"]
[Black "Frej, Zofia"]
[Result "1-0"]
[WhiteElo "1938"]
[BlackElo "1713"]
[PlyCount "151"]
[EventDate "2014.11.15"]
[EventType "swiss"]
[EventRounds "9"]
[EventCountry "CZE"]
[Source "lmi"]
[SourceDate "2014.11.15"]

1. Nc3 d5 2. e4 dxe4 3. Nxe4 Nf6 4. Ng3 e6 5. d4 c5 6. Nf3 cxd4 7. Qxd4 Qxd4 8.
Nxd4 Bd7 9. Be2 Nc6 10. Be3 Nd5 11. O-O-O Nxe3 12. fxe3 Nxd4 13. exd4 Bc6 14.
Bf3 Bxf3 15. gxf3 Bd6 16. c3 O-O-O 17. Ne4 Bf4+ 18. Kc2 Rd5 19. h4 Rh5 20. Rdg1
g6 21. Rg4 Rf5 22. Nc5 h5 23. Rg2 Bd6 24. Ne4 Be7 25. Rh3 Rf4 26. Rgh2 Rd8 27.
Nf2 Bd6 28. Rh1 Rd7 29. Nd3 Rf5 30. Re1 Rc7 31. a4 Ra5 32. b3 Rd5 33. Kd2 Rf5
34. Re4 Rd7 35. b4 Rc7 36. f4 b6 37. Rf3 Be7 38. Rh3 Bd6 39. Ne5 Bxe5 40. dxe5
f6 41. exf6 Rxf6 42. Rg3 Kd7 43. Rg5 Ke7 44. Rge5 Kf7 45. a5 Rd7+ 46. Kc2 Rd6
47. Rb5 Rc6 48. Rd4 Ke7 49. axb6 axb6 50. Re5 Rf8 51. Kb3 Rfc8 52. c4 R8c7 53.
Ree4 Ra7 54. Re1 Kf6 55. Rc1 b5 56. c5 Raa6 57. Rg1 e5 58. fxe5+ Kxe5 59. Rd8
Kf6 60. Rf1+ Ke7 61. Rb8 Rf6 62. Rb7+ Kd8 63. Rxf6 Rxf6 64. Rxb5 Rf4 65. Rb6
Rxh4 66. Rxg6 Rg4 67. Rh6 h4 68. b5 Kc8 69. Rh8+ Kc7 70. Rh7+ Kc8 71. b6 Rg5
72. Kc4 h3 73. Rxh3 Rg1 74. Kb5 Rg8 75. Rh6 Kb8 76. c6 1-0

[Event "Open Brno 2014"]
[Site "Brno CZE"]
[Date "2014.11.19"]
[Round "5.18"]
[White "Rusek, Walter"]
[Black "Borisek, Anze"]
[Result "1/2-1/2"]
[WhiteElo "1798"]
[BlackElo "1934"]
[PlyCount "30"]
[EventDate "2014.11.15"]
[EventType "swiss"]
[EventRounds "9"]
[EventCountry "CZE"]
[Source "lmi"]
[SourceDate "2014.11.15"]

1. d4 d5 2. c4 Nc6 3. cxd5 Qxd5 4. e3 e5 5. Nc3 Bb4 6. Bd2 Bxc3 7. Bxc3 exd4 8.
Ne2 Bg4 9. f3 Bxf3 10. gxf3 Qxf3 11. Bxd4 O-O-O 12. Rg1 Nxd4 13. exd4 Nf6 14.
Qb3 Qh5 15. Qh3+ Kb8 1/2-1/2

[Event "Open Brno 2014"]
[Site "Brno CZE"]
[Date "2014.11.19"]
[Round "5.19"]
[White "Romanek, Zdenek"]
[Black "Healy, Tom"]
[Result "1/2-1/2"]
[WhiteElo "1648"]
[BlackElo "1974"]
[PlyCount "94"]
[EventDate "2014.11.15"]
[EventType "swiss"]
[EventRounds "9"]
[EventCountry "CZE"]
[Source "lmi"]
[SourceDate "2014.11.15"]

1. d4 Nf6 2. c4 d6 3. Nc3 g6 4. e4 Bg7 5. Bd3 O-O 6. Nge2 e5 7. d5 Nbd7 8. O-O
Ne8 9. Ng3 Nc5 10. Bc2 a5 11. Be3 Bd7 12. a4 f6 13. Qd2 Rf7 14. f4 b6 15. f5
Qe7 16. Rf3 Bh8 17. Raf1 g5 18. Nh5 Ng7 19. Rh3 Nxh5 20. Rxh5 Bg7 21. Qe2 h6
22. Rf3 Bf8 23. Rg3 Be8 24. Bd1 Rh7 25. Rhh3 h5 26. Bxc5 bxc5 27. Qf2 g4 28.
Bxg4 hxg4 29. Rxg4+ Bg7 30. Rgh4 Rxh4 31. Rxh4 Bd7 32. Qg3 Qf7 33. Rg4 Kf8 34.
Rg6 Qg8 35. Nb5 Bxb5 36. axb5 Re8 37. h4 Qh8 38. h5 Bh6 39. Qh3 Kf7 40. b3 Qh7
41. Kf2 Bg5 42. g4 Rg8 43. Qc3 Ra8 44. Kf3 Ke7 45. Qe1 Bh6 46. Qh4 Rf8 47. Qe1
Ra8 1/2-1/2

[Event "Open Brno 2014"]
[Site "Brno CZE"]
[Date "2014.11.19"]
[Round "5.20"]
[White "Schoeppe, Christian"]
[Black "Zeman, Radek"]
[Result "0-1"]
[WhiteElo "1640"]
[BlackElo "1893"]
[PlyCount "102"]
[EventDate "2014.11.15"]
[EventType "swiss"]
[EventRounds "9"]
[EventCountry "CZE"]
[Source "lmi"]
[SourceDate "2014.11.15"]

1. Nf3 Nf6 2. g3 d5 3. c3 e6 4. Bg2 Be7 5. d3 O-O 6. O-O c5 7. a4 Nc6 8. Nbd2
b6 9. Qc2 Bb7 10. e4 Rc8 11. Qb1 dxe4 12. dxe4 Ba6 13. c4 Nd7 14. Re1 Nde5 15.
b3 Nd3 16. Re3 Nxc1 17. Qxc1 e5 18. Bh3 Rb8 19. Qc3 Bc8 20. Bg2 Qc7 21. Rae1
Rd8 22. Rd3 Be6 23. Rd1 Rxd3 24. Qxd3 Rd8 25. Qc3 Bf6 26. Bf1 Rd6 27. h3 Qd7
28. Kh2 g6 29. Qe3 Bg7 30. g4 Nd4 31. Nxd4 Rxd4 32. f4 Qd6 33. f5 gxf5 34. gxf5
Bc8 35. Be2 Kh8 36. f6 Bxf6 37. Bh5 Rd3 38. Qh6 Rxh3+ 39. Kg2 Rd3 40. Bxf7 Bg7
41. Qxd6 Rxd6 42. Bd5 Rg6+ 43. Kf2 Bf6 44. Rh1 Bg5 45. Nf3 Bf4 46. Bf7 Rg7 47.
Bh5 Bb7 48. Re1 Bg3+ 49. Ke2 Bxe1 50. Nxe1 Bxe4 51. Ke3 Bc6 0-1

[Event "Open Brno 2014"]
[Site "Brno CZE"]
[Date "2014.11.19"]
[Round "5.21"]
[White "Kaplan, Milan"]
[Black "Kures, Michael"]
[Result "1-0"]
[WhiteElo "1791"]
[BlackElo "1493"]
[PlyCount "69"]
[EventDate "2014.11.15"]
[EventType "swiss"]
[EventRounds "9"]
[EventCountry "CZE"]
[Source "lmi"]
[SourceDate "2014.11.15"]

1. e4 e5 2. Nf3 Nc6 3. d4 exd4 4. Nxd4 Bc5 5. Nxc6 Qf6 6. Qf3 Qxf3 7. gxf3 dxc6
8. Be3 Bxe3 9. fxe3 Nf6 10. h4 Be6 11. Bd3 O-O-O 12. Nc3 Kb8 13. Rg1 g6 14. a4
Rd7 15. b4 Rhd8 16. Ke2 Bc4 17. Rad1 Bxd3+ 18. Rxd3 h6 19. Rgd1 Kc8 20. f4 h5
21. e5 Nd5 22. Nxd5 Rxd5 23. e4 Rxd3 24. Rxd3 Rxd3 25. Kxd3 Kd7 26. f5 Ke7 27.
Ke3 f6 28. Kf4 a6 29. exf6+ Kxf6 30. e5+ Kf7 31. f6 b6 32. Kg5 c5 33. e6+ Kxe6
34. Kxg6 cxb4 35. f7 1-0

[Event "Open Brno 2014"]
[Site "Brno CZE"]
[Date "2014.11.19"]
[Round "5.22"]
[White "Kosina, Vladimir"]
[Black "Glozar, Petr"]
[Result "0-1"]
[WhiteElo "1763"]
[BlackElo "1665"]
[PlyCount "88"]
[EventDate "2014.11.15"]
[EventType "swiss"]
[EventRounds "9"]
[EventCountry "CZE"]
[Source "lmi"]
[SourceDate "2014.11.15"]

1. Nf3 Nf6 2. c4 g6 3. Nc3 Bg7 4. d4 d5 5. e3 O-O 6. Bd3 dxc4 7. Bxc4 Bf5 8.
O-O Nbd7 9. Re1 c5 10. d5 Nb6 11. e4 Nxe4 12. Nxe4 Nxc4 13. Nxc5 Nxb2 14. Bxb2
Bxb2 15. Nh4 Bxa1 16. Nxf5 Bf6 17. Ne3 Qc7 18. Ne4 Be5 19. g3 Rfd8 20. Qb3 Qb6
21. Qd1 Rac8 22. Qf3 Rc7 23. Ng5 Qf6 24. Qg4 h5 25. Qh4 Bd4 26. Rf1 Rdc8 27.
Kg2 Bxe3 28. fxe3 Rc2+ 29. Kg1 Rc1 30. Qf4 Rxf1+ 31. Kxf1 Qxf4+ 32. gxf4 Rc1+
33. Ke2 Rc2+ 34. Kd3 Rxa2 35. h4 Rb2 36. e4 a5 37. e5 Rb1 38. Ne4 Kf8 39. Nc5
b5 40. Nb7 a4 41. Kc2 Rb4 42. d6 exd6 43. exd6 Ke8 44. Nc5 Rc4+ 0-1

[Event "Open Brno 2014"]
[Site "Brno CZE"]
[Date "2014.11.19"]
[Round "5.23"]
[White "Feldvabl, Vilem"]
[Black "Trochta, Vojtech"]
[Result "0-1"]
[WhiteElo "1716"]
[BlackElo "1751"]
[PlyCount "56"]
[EventDate "2014.11.15"]
[EventType "swiss"]
[EventRounds "9"]
[EventCountry "CZE"]
[Source "lmi"]
[SourceDate "2014.11.15"]

1. d4 g6 2. Nf3 Bg7 3. Bf4 c5 4. c3 Qb6 5. Qd2 Nf6 6. e3 d6 7. h3 Bf5 8. b3 Ne4
9. Qc1 Nd7 10. Nbd2 Ndf6 11. g4 Be6 12. Nxe4 Nxe4 13. Nd2 Nxd2 14. Qxd2 Bd5 15.
Rg1 cxd4 16. cxd4 O-O 17. Rc1 Rac8 18. Bd3 e5 19. dxe5 Rxc1+ 20. Qxc1 dxe5 21.
Bg3 e4 22. Be2 Qa5+ 23. Kf1 Qxa2 24. Bd6 Re8 25. Bb5 Ra8 26. b4 a6 27. Bd7 Bc4+
28. Kg2 Rd8 0-1

[Event "Open Brno 2014"]
[Site "Brno CZE"]
[Date "2014.11.19"]
[Round "5.24"]
[White "Zuziak, Petr"]
[Black "Tajovsky, Matej"]
[Result "1-0"]
[WhiteElo "1744"]
[BlackElo "1429"]
[PlyCount "49"]
[EventDate "2014.11.15"]
[EventType "swiss"]
[EventRounds "9"]
[EventCountry "CZE"]
[Source "lmi"]
[SourceDate "2014.11.15"]

1. d4 d5 2. Nf3 Nf6 3. e3 e6 4. Bd3 Nbd7 5. O-O a6 6. Nbd2 c5 7. b3 Be7 8. Bb2
b5 9. c4 Rb8 10. Qc2 h6 11. Ne5 Qc7 12. h3 Qb7 13. Rab1 O-O 14. f4 Nxe5 15.
fxe5 Nd7 16. Rf3 Qc6 17. Rbf1 Bb7 18. cxb5 axb5 19. Bh7+ Kh8 20. Rxf7 Nxe5 21.
dxe5 d4 22. Qg6 Rg8 23. Bxg8 Rxg8 24. Rxe7 dxe3 25. Rxg7 1-0

[Event "Open Brno 2014"]
[Site "Brno CZE"]
[Date "2014.11.19"]
[Round "5.25"]
[White "Moes, Waldemar"]
[Black "Snasel, Michal"]
[Result "1/2-1/2"]
[WhiteElo "2054"]
[BlackElo "1704"]
[PlyCount "35"]
[EventDate "2014.11.15"]
[EventType "swiss"]
[EventRounds "9"]
[EventCountry "CZE"]
[Source "lmi"]
[SourceDate "2014.11.15"]

1. e4 c5 2. Nf3 g6 3. d4 cxd4 4. Nxd4 Nf6 5. Nc3 d6 6. Be3 Bg7 7. f3 O-O 8. Qd2
Nc6 9. O-O-O Qa5 10. Bc4 Bd7 11. Bb3 Rfc8 12. h4 Ne5 13. h5 Nc4 14. Bxc4 Rxc4
15. hxg6 fxg6 16. Nb3 Qa6 17. Kb1 Be6 18. Qe2 1/2-1/2

[Event "Open Brno 2014"]
[Site "Brno CZE"]
[Date "2014.11.19"]
[Round "5.26"]
[White "Glacner, Karel"]
[Black "Hrdlicka, Vladan"]
[Result "0-1"]
[WhiteElo "1543"]
[BlackElo "1797"]
[PlyCount "48"]
[EventDate "2014.11.15"]
[EventType "swiss"]
[EventRounds "9"]
[EventCountry "CZE"]
[Source "lmi"]
[SourceDate "2014.11.15"]

1. Nf3 d5 2. d4 Nf6 3. g3 Bf5 4. Bg2 e6 5. O-O c5 6. c4 Nc6 7. Qa4 Bd6 8. dxc5
Bxc5 9. Ne5 O-O 10. Nxc6 Qd7 11. cxd5 exd5 12. Ne7+ Qxe7 13. Bg5 Qxe2 14. Bxf6
gxf6 15. Nc3 Qxb2 16. Qf4 Bd3 17. Rfc1 Rac8 18. Bxd5 Ba3 19. Qxf6 Qd2 20. Bxb7
Bxc1 21. Bxc8 Rxc8 22. Ne4 Bxe4 23. Qa6 Qd1+ 24. Qf1 Qf3 0-1

[Event "Open Brno 2014"]
[Site "Brno CZE"]
[Date "2014.11.19"]
[Round "5.27"]
[White "Zikan, Karel"]
[Black "Zejda, Karel"]
[Result "1-0"]
[WhiteElo "1743"]
[BlackElo "1773"]
[PlyCount "101"]
[EventDate "2014.11.15"]
[EventType "swiss"]
[EventRounds "9"]
[EventCountry "CZE"]
[Source "lmi"]
[SourceDate "2014.11.15"]

1. Nf3 Nf6 2. c4 c5 3. Nc3 Nc6 4. g3 d6 5. Bg2 e6 6. O-O Be7 7. d4 cxd4 8. Nxd4
Bd7 9. Ndb5 Bc8 10. Bf4 e5 11. Bg5 a6 12. Na3 Be6 13. Bxf6 Bxf6 14. Nd5 Bg5 15.
Nc2 O-O 16. b3 g6 17. e3 Bh6 18. Qf3 f5 19. Rad1 e4 20. Qe2 Bg7 21. Qd2 Re8 22.
f3 exf3 23. Bxf3 Ne5 24. Bg2 Nf7 25. Nf4 Be5 26. Bxb7 Ra7 27. Nxe6 Rxe6 28. Bd5
Ree7 29. Nd4 Bxd4 30. Qxd4 Rad7 31. e4 Re5 32. exf5 gxf5 33. Rde1 Qe7 34. Qf2
Kg7 35. Bxf7 Rxe1 36. Rxe1 Qxf7 37. Qd4+ Qf6 38. Rd1 Kf7 39. Qxf6+ Kxf6 40. Kf2
Ke5 41. Ke3 Rc7 42. Rd5+ Ke6 43. Kf4 Rf7 44. Ra5 Rg7 45. Rxf5 Ra7 46. Ra5 Rf7+
47. Ke3 Ra7 48. b4 Rb7 49. a3 Rb6 50. Kd4 Rc6 51. a4 1-0

[Event "Open Brno 2014"]
[Site "Brno CZE"]
[Date "2014.11.19"]
[Round "5.28"]
[White "Bata, Jiri"]
[Black "Svoboda, Zdenek"]
[Result "0-1"]
[WhiteElo "1589"]
[BlackElo "1691"]
[PlyCount "64"]
[EventDate "2014.11.15"]
[EventType "swiss"]
[EventRounds "9"]
[EventCountry "CZE"]
[Source "lmi"]
[SourceDate "2014.11.15"]

1. e4 c6 2. d4 d5 3. e5 Bf5 4. Nf3 e6 5. Bd3 Bg6 6. O-O Nd7 7. c4 dxc4 8. Bxc4
Nb6 9. Bb3 Ne7 10. Be3 Nf5 11. Nc3 a5 12. a3 Be7 13. Rc1 Bh5 14. h3 Bxf3 15.
Qxf3 Nxd4 16. Bxd4 Qxd4 17. Qg3 O-O 18. Rfd1 Qh4 19. Qf3 Bg5 20. Rc2 Rfd8 21.
Re2 Qf4 22. Qxf4 Bxf4 23. g3 Rxd1+ 24. Nxd1 a4 25. Ba2 Rd8 26. gxf4 Rxd1+ 27.
Kg2 Ra1 28. Rd2 g6 29. b3 axb3 30. Rd8+ Kg7 31. Bxb3 Rxa3 32. Rd1 Nd5 0-1

[Event "Open Brno 2014"]
[Site "Brno CZE"]
[Date "2014.11.19"]
[Round "5.29"]
[White "Aleksandravicius, Darius"]
[Black "Baraniuk, Andrej"]
[Result "1-0"]
[WhiteElo "1722"]
[BlackElo "1681"]
[PlyCount "73"]
[EventDate "2014.11.15"]
[EventType "swiss"]
[EventRounds "9"]
[EventCountry "CZE"]
[Source "lmi"]
[SourceDate "2014.11.15"]

1. c4 c6 2. Nc3 Nf6 3. e4 d5 4. e5 d4 5. exf6 dxc3 6. fxg7 cxd2+ 7. Bxd2 Bxg7
8. Qc2 Qd4 9. Bc3 Qg4 10. Be2 Bxc3+ 11. Qxc3 Qg8 12. O-O-O Na6 13. Bf3 Qg5+ 14.
Rd2 O-O 15. h4 Qg7 16. Rd4 e5 17. Rd6 Nc5 18. g3 Bf5 19. g4 Be4 20. Qe3 Bxf3
21. Nxf3 Na4 22. Qxe5 Nb6 23. Qxg7+ Kxg7 24. b3 Rad8 25. Rhd1 Rxd6 26. Rxd6 c5
27. Kd2 f6 28. Rd3 Kf7 29. Re3 h6 30. Ne1 Rg8 31. f3 Nd7 32. Nd3 Rd8 33. Ke2 b6
34. h5 Nf8 35. Nf4 a6 36. Nd5 b5 37. Re7+ 1-0